[Event "22. Aberto Xadrez Albariño"]
[Site "Cambados ESP"]
[Date "2006.08.11"]
[Round "9.5"]
[White "Casares Cabanas, Carlos"]
[Black "Padeiro, Jose Joao Tato"]
[Result "1/2-1/2"]
[WhiteElo "2207"]
[BlackElo "2275"]
[PlyCount "59"]
[EventDate "2006.08.03"]
[EventType "swiss"]
[EventRounds "9"]
[EventCountry "ESP"]
[Source "lmi"]
[SourceDate "2006.08.11"]

1. e4 d5 2. exd5 Nf6 3. d4 Bg4 4. Nf3 Qxd5 5. Be2 e6 6. h3 Qh5 7. Bf4 Bd6 8.
Bxd6 cxd6 9. O-O Bxf3 10. Bxf3 Qb5 11. b3 d5 12. c4 Qd7 13. Nc3 O-O 14. cxd5
Nxd5 15. Nxd5 exd5 16. Rc1 Na6 17. Qd2 Nc7 18. Rc3 Ne6 19. Rfc1 Rad8 20. Bg4
Rc8 21. Qe3 Rxc3 22. Qxc3 Qd6 23. Bxe6 fxe6 24. Qe3 h6 25. g3 b6 26. Kg2 Re8
27. f4 Qd7 28. Qc3 Qf7 29. Re1 Qd7 30. Rc1 1/2-1/2

[Event "22. Aberto Xadrez Albariño"]
[Site "Cambados ESP"]
[Date "2006.08.11"]
[Round "9.6"]
[White "Milchev, Nikolay"]
[Black "Rusev, Krasimir"]
[Result "0-1"]
[WhiteElo "2213"]
[BlackElo "2455"]
[PlyCount "34"]
[EventDate "2006.08.03"]
[EventType "swiss"]
[EventRounds "9"]
[EventCountry "ESP"]
[Source "lmi"]
[SourceDate "2006.08.11"]

1. c4 e5 2. g3 Nf6 3. Bg2 Nc6 4. Nc3 Bc5 5. e3 d5 6. cxd5 Nb4 7. a3 Nd3+ 8. Ke2
Bg4+ 9. f3 Bf5 10. Qa4+ c6 11. dxc6 O-O 12. cxb7 Rb8 13. h3 Bb6 14. g4 Nc5 15.
Qd1 Bd3+ 16. Ke1 Bc4 17. Nge2 Bb3 0-1

[Event "22. Aberto Xadrez Albariño"]
[Site "Cambados ESP"]
[Date "2006.08.11"]
[Round "9.8"]
[White "Sanchez Aller, Fernando"]
[Black "Espiñeira Gonzalez, Pablo"]
[Result "1-0"]
[WhiteElo "2299"]
[BlackElo "2213"]
[PlyCount "67"]
[EventDate "2006.08.03"]
[EventType "swiss"]
[EventRounds "9"]
[EventCountry "ESP"]
[Source "lmi"]
[SourceDate "2006.08.11"]

1. d4 d5 2. c4 e6 3. Nf3 c6 4. g3 Nf6 5. Bg2 Be7 6. O-O O-O 7. Qc2 b5 8. cxb5
cxb5 9. Bf4 b4 10. a3 Qb6 11. axb4 Bd7 12. b5 Rc8 13. Nc3 Ne4 14. Rfb1 Bb4 15.
Ng5 Nxg5 16. Bxg5 Qxb5 17. e4 Bxc3 18. bxc3 Qc4 19. Rc1 a5 20. Be7 Qc6 21. e5
Be8 22. c4 Qd7 23. Bc5 Nc6 24. cxd5 exd5 25. Qd2 Qe6 26. Bd6 Bd7 27. Rc5 Qg4
28. f4 Be6 29. Rac1 Ra6 30. Qd3 Rb6 31. h3 Qh5 32. g4 Bxg4 33. hxg4 Qxg4 34.
Qh3 1-0